[Event "17. Int. Boeblinger Open"]
[Site "Boeblingen"]
[Date "2000.12.29"]
[Round "7"]
[White "Atalik, Suat"]
[Black "Dunsbach, Ralf"]
[Result "1-0"]
[WhiteElo "2552"]
[BlackElo "2330"]
[PlyCount "52"]
[EventDate "2000.12.26"]

1. d4 Nf6 2. c4 g6 3. Nc3 d5 4. Nf3 Bg7 5. Qb3 dxc4 6. Qxc4 O-O 7. e4 a6 8. e5
b5 9. Qb3 Nfd7 10. h4 c5 11. e6 c4 12. Qd1 Nf6 13. exf7+ Rxf7 14. Ne5 Rf8 15.
a4 b4 16. Bxc4+ e6 17. Ne2 Ne4 18. Be3 Nd6 19. Bb3 Nf5 20. Bg5 Qb6 21. a5 Qa7
22. Rc1 Nxd4 23. Qxd4 Qxd4 24. Nxd4 Bxe5 25. Nf3 Rxf3 26. Rxc8+ Rf8 1-0

[Event "17. Int. Boeblinger Open"]
[Site "Boeblingen"]
[Date "2000.12.29"]
[Round "7"]
[White "Becking, Stephan"]
[Black "Jobava, Baadur"]
[Result "0-1"]
[WhiteElo "2275"]
[BlackElo "2503"]
[PlyCount "72"]
[EventDate "2000.12.26"]

1. d4 Nf6 2. c4 g6 3. Nc3 Bg7 4. e4 d6 5. Nf3 O-O 6. g3 Bg4 7. h3 Bxf3 8. Qxf3
Nc6 9. d5 Nd4 10. Qd1 Nd7 11. Be3 c5 12. f4 a6 13. Bg2 b5 14. cxb5 axb5 15. O-O
Nb6 16. Bc1 Ra7 17. f5 Qd7 18. h4 Rfa8 19. h5 b4 20. Ne2 Qa4 21. b3 Qb5 22.
Nxd4 Bxd4+ 23. Kh1 Bxa1 24. fxg6 hxg6 25. hxg6 fxg6 26. Qg4 Qxf1+ 27. Bxf1 Kg7
28. Be3 Rh8+ 29. Kg1 Nd7 30. Qe2 Ne5 31. Bf4 Bd4+ 32. Kg2 Rha8 33. Bxe5+ Bxe5
34. Qb5 Rxa2+ 35. Kh3 Rf8 36. Qb7 Rxf1 0-1

[Event "17. Int. Boeblinger Open"]
[Site "Boeblingen"]
[Date "2000.12.29"]
[Round "7"]
[White "Brodbeck, Stefan"]
[Black "Gheng, Josef"]
[Result "1-0"]
[WhiteElo "2150"]
[BlackElo "2321"]
[PlyCount "63"]
[EventDate "2000.12.26"]

1. e4 {Danke fuer die lesbare Notation!} 1... c5 2. Nf3 d6 3. d4 cxd4 4. Nxd4
Nf6 5. Nc3 a6 6. Bg5 e6 7. f4 Be7 8. Qf3 Nbd7 9. O-O-O Qc7 10. Bd3 b5 11. Rhe1
Bb7 12. Nd5 Nxd5 13. exd5 Bxg5 14. Rxe6+ fxe6 15. Nxe6 Ne5 16. Nxc7+ Kd7 17.
Bf5+ Kxc7 18. Qc3+ Kb6 19. fxg5 Rhf8 20. Be6 Rad8 21. Qd4+ Kc7 22. Re1 Kb8 23.
b3 g6 24. Kb2 Ka8 25. Qb6 Rfe8 26. Qc7 Rh8 27. h3 Ka7 28. Re4 Rhe8 29. Rh4 Rh8
30. a4 bxa4 31. Rb4 Rb8 32. Qxd6 1-0

[Event "17. Int. Boeblinger Open"]
[Site "Boeblingen"]
[Date "2000.12.29"]
[Round "7"]
[White "Delemarre, Jop"]
[Black "Junesch, Gerhard"]
[Result "1-0"]
[WhiteElo "2347"]
[BlackElo "2245"]
[PlyCount "81"]
[EventDate "2000.12.26"]

1. d4 Nf6 2. c4 e6 3. Nf3 b6 4. a3 Ba6 5. Qc2 Bb7 6. Nc3 c5 7. dxc5 bxc5 8. Bf4
Nh5 9. Bg5 Be7 10. Bxe7 Qxe7 11. Nb5 Na6 12. e3 O-O 13. Be2 d6 14. O-O Nc7 15.
Nc3 a5 16. Rfd1 Nf6 17. Nd2 Rfb8 18. Rab1 Ra7 19. b3 Bc6 20. Bf3 d5 21. Rdc1
Qd6 22. Rd1 Qe7 23. h3 h6 24. Rdc1 Qd6 25. Ne2 d4 26. exd4 cxd4 27. c5 Qd8 28.
Nxd4 Qxd4 29. Bxc6 Ncd5 30. Nf3 Qf4 31. Bxd5 Nxd5 32. Qd3 Qc7 33. Rc4 Rab7 34.
Nd4 Nf4 35. Qf3 e5 36. Nf5 Rb5 37. b4 R5b6 38. Rxf4 exf4 39. cxb6 Qc2 40. Ne7+
Kf8 41. Re1 1-0

[Event "17. Int. Boeblinger Open"]
[Site "Boeblingen"]
[Date "2000.12.29"]
[Round "7"]
[White "Duppel, Matthias"]
[Black "Kranzl, Peter"]
[Result "1-0"]
[WhiteElo "2390"]
[BlackElo "2268"]
[PlyCount "95"]
[EventDate "2000.12.26"]

1. e4 c6 2. d4 d5 3. e5 Bf5 4. Nf3 e6 5. Be2 Nd7 6. O-O h6 7. Nbd2 Ne7 8. b3 c5
9. Bb2 Nc6 10. c4 cxd4 11. cxd5 exd5 12. Nxd4 Nxd4 13. Bxd4 Bc5 14. Nf3 O-O 15.
Rc1 Ba3 16. Rc3 a6 17. Bd3 Be4 18. Rc2 Re8 19. Re1 Bxd3 20. Qxd3 Rc8 21. Ree2
Nc5 22. Bxc5 Rxc5 23. Rxc5 Bxc5 24. Rd2 Bb4 25. Rd1 Qa5 26. a4 Rd8 27. g3 Qb6
28. Kg2 Bc5 29. Rd2 Qb4 30. Re2 Qb6 31. h4 Qe6 32. Ng1 d4 33. Nh3 Re8 34. Nf4
Qc6+ 35. Qf3 Ba7 36. Qxc6 bxc6 37. Rc2 c5 38. Nd3 Rb8 39. Rb2 Re8 40. Kf3 f6
41. exf6 gxf6 42. Re2 Rb8 43. Nc1 Kf7 44. Ke4 c4 45. bxc4 Rb4 46. Kd5 Rxa4 47.
c5 a5 48. Rb2 1-0

[Event "17. Int. Boeblinger Open"]
[Site "Boeblingen"]
[Date "2000.12.29"]
[Round "7"]
[White "Gulde, Juergen"]
[Black "Fahnenschmidt, Gerhard"]
[Result "0-1"]
[WhiteElo "2073"]
[BlackElo "2262"]
[PlyCount "54"]
[EventDate "2000.12.26"]

1. d4 Nf6 2. Nf3 d5 3. e3 c5 4. c3 Nbd7 5. Bd3 Qc7 6. Nbd2 e5 7. Nxe5 Nxe5 8.
dxe5 Qxe5 9. Nf3 Qh5 10. Bb5+ Bd7 11. Bxd7+ Nxd7 12. Qe2 Bd6 13. Bd2 O-O-O 14.
a4 g5 15. a5 g4 16. Ng1 Ne5 17. a6 c4 18. axb7+ Kxb7 19. Qd1 Nd3+ 20. Kf1 Bc5
21. Qa4 Rd6 22. Ne2 Qf5 23. Be1 Bxe3 24. Nd4 Bxd4 25. cxd4 a6 26. h4 Rhd8 27.
h5 Re6 0-1

[Event "17. Int. Boeblinger Open"]
[Site "Boeblingen"]
[Date "2000.12.29"]
[Round "7"]
[White "Hauke, Christian"]
[Black "Huth, Arno"]
[Result "1-0"]
[WhiteElo "2262"]
[BlackElo "2017"]
[PlyCount "80"]
[EventDate "2000.12.26"]

1. d4 Nf6 2. Bg5 Ne4 3. Bf4 c5 4. d5 d6 5. f3 Qa5+ 6. Nd2 Nf6 7. e4 g6 8. c3
Nbd7 9. Nc4 Qd8 10. a4 Bg7 11. Qd2 h6 12. Bd3 Nh5 13. Be3 b6 14. Ne2 Kf8 15. f4
Ba6 16. h3 Nhf6 17. b3 h5 18. O-O Bxc4 19. bxc4 Kg8 20. Kh2 e6 21. dxe6 fxe6
22. e5 dxe5 23. Bxg6 Nf8 24. Qxd8 Rxd8 25. Bc2 e4 26. Rfd1 Rd7 27. a5 Kf7 28.
axb6 axb6 29. Rdb1 Rd6 30. Ra7+ N8d7 31. Ng3 h4 32. Nxe4 Nxe4 33. Bxe4 Bxc3 34.
f5 Be5+ 35. Kg1 Bd4 36. Bxd4 cxd4 37. fxe6+ Kxe6 38. Bd5+ Ke5 39. Rf1 b5 40.
Rf7 bxc4 1-0

[Event "17. Int. Boeblinger Open"]
[Site "Boeblingen"]
[Date "2000.12.29"]
[Round "7"]
[White "Hellmayr, Alois"]
[Black "Pelt, Alexander"]
[Result "1/2-1/2"]
[WhiteElo "2263"]
[BlackElo "2105"]
[PlyCount "78"]
[EventDate "2000.12.26"]

1. c4 c6 2. Nf3 d5 3. b3 Nf6 4. Bb2 e6 5. g3 Be7 6. Bg2 O-O 7. O-O Nbd7 8. d3
Re8 9. Nbd2 Bf8 10. Qc2 b6 11. e4 dxe4 12. dxe4 e5 13. Rad1 Qc7 14. Rfe1 Bb7
15. Qb1 Rad8 16. Qa1 Bd6 17. Re2 Nc5 18. Ne1 Nfd7 19. Nf1 Ne6 20. Ne3 f6 21.
N1c2 a5 22. Red2 Bf8 23. Ne1 Ndc5 24. Nd3 Nxd3 25. Rxd3 Rxd3 26. Rxd3 Rd8 27.
Qd1 Rxd3 28. Qxd3 Qd6 29. Qxd6 Bxd6 30. Nc2 Kf7 31. Kf1 Ba6 32. Ke1 a4 33. Kd2
axb3 34. axb3 Bc5 35. f3 Bg1 36. h3 Bf2 37. g4 Nf4 38. Bf1 Kg6 39. Nb4 Bb7
1/2-1/2

[Event "17. Int. Boeblinger Open"]
[Site "Boeblingen"]
[Date "2000.12.29"]
[Round "7"]
[White "Hoeschele, Hans-Ulrich"]
[Black "Gross, Stefan"]
[Result "0-1"]
[WhiteElo "2233"]
[BlackElo "2372"]
[PlyCount "42"]
[EventDate "2000.12.26"]

1. Nf3 g6 2. e4 c5 3. Nc3 Bg7 4. Bc4 Nc6 5. d3 e6 6. O-O a6 7. a4 Nge7 8. Be3
d5 9. exd5 exd5 10. Bxc5 dxc4 11. Re1 cxd3 12. Qxd3 Qxd3 13. cxd3 Be6 14. Ng5
Kd7 15. d4 Nd5 16. Rad1 Rae8 17. Nce4 h6 18. Nf3 b6 19. Ba3 Bg4 20. Rd3 Bxf3
21. Rxf3 f5 0-1

[Event "17. Int. Boeblinger Open"]
[Site "Boeblingen"]
[Date "2000.12.29"]
[Round "7"]
[White "Kekelidze, Mikheil"]
[Black "Lindemann, Stefan"]
[Result "0-1"]
[WhiteElo "2512"]
[BlackElo "2348"]
[PlyCount "158"]
[EventDate "2000.12.26"]

1. d4 Nf6 2. Nf3 c5 3. d5 e6 4. c4 exd5 5. cxd5 d6 6. Nc3 g6 7. e4 Bg7 8. h3
O-O 9. Bd3 b5 10. O-O b4 11. Nb1 Ba6 12. Bxa6 Nxa6 13. Qd3 Nc7 14. Nbd2 Re8 15.
Re1 Nd7 16. Nc4 Nb6 17. Bg5 Bf6 18. Bxf6 Qxf6 19. Nfd2 Nd7 20. a4 bxa3 21. bxa3
Rab8 22. Qg3 Ne5 23. Nxe5 dxe5 24. Rac1 Nb5 25. Rxc5 Nd4 26. Nf3 Rb3 27. Kh1
Nxf3 28. gxf3 Rxf3 29. Rc6 Rxg3 30. Rxf6 Rxh3+ 31. Kg2 Rxa3 32. Rd1 Rb3 33. Ra6
Rb7 34. Rda1 Ree7 35. R1a5 Red7 36. Kg3 Kg7 37. Ra3 f6 38. f3 g5 39. Re6 Re7
40. Rc6 Rec7 41. Re6 h5 42. Raa6 Rb6 43. Rexb6 axb6 44. Rxb6 Kg6 45. Rb3 Rc4
46. Ra3 Rd4 47. Ra8 Rd3 48. Kf2 Rd4 49. Ke3 g4 50. fxg4 hxg4 51. Rg8+ Kh5 52.
Rh8+ Kg5 53. Rg8+ Kh5 54. Rh8+ Kg6 55. Rg8+ Kf7 56. Rxg4 f5 57. Rh4 Kf6 58.
Rh6+ Kg5 59. Re6 Rxe4+ 60. Kf3 Rf4+ 61. Ke2 e4 62. d6 Rf3 63. Re8 Rd3 64. Rd8
Kf6 65. d7 Ke7 66. Re8+ Kxd7 67. Re5 Rf3 68. Ra5 Ke6 69. Rb5 Kf6 70. Rc5 Kg5
71. Rc1 Ra3 72. Rg1+ Kf4 73. Rg8 Ra2+ 74. Ke1 e3 75. Rh8 Ke4 76. Kf1 f4 77. Rh4
Kd3 78. Rxf4 Ra1+ 79. Kg2 e2 0-1

[Event "17. Int. Boeblinger Open"]
[Site "Boeblingen"]
[Date "2000.12.29"]
[Round "7"]
[White "Klovans, Janis"]
[Black "Kalod, Radek"]
[Result "1/2-1/2"]
[WhiteElo "2466"]
[BlackElo "2466"]
[PlyCount "99"]
[EventDate "2000.12.26"]

1. e4 c5 2. Nf3 d6 3. d4 cxd4 4. Nxd4 Nf6 5. Nc3 a6 6. Be2 e6 7. O-O Be7 8. f4
O-O 9. Kh1 Qc7 10. Qe1 Nc6 11. Be3 Nxd4 12. Bxd4 b5 13. e5 dxe5 14. Bxe5 Qb6
15. Qh4 Bb7 16. Bd3 h6 17. Qg3 Nh5 18. Qh3 Nf6 19. Rae1 b4 20. Nd1 Nd7 21. f5
Nxe5 22. Rxe5 Qd6 23. Re3 exf5 24. Qxf5 g6 25. Qf2 Rac8 26. Be4 Bxe4 27. Rxe4
f5 28. Re2 Bf6 29. Qe1 a5 30. b3 Kh7 31. Ne3 Bc3 32. Qf2 Qc5 33. Qf3 Rce8 34.
Nc4 Rxe2 35. Qxe2 Rf7 36. Rd1 Re7 37. Qf3 Bg7 38. h3 a4 39. Kh2 a3 40. Kh1 Bf6
41. g3 Bg7 42. Kg2 Re8 43. h4 Qe7 44. Kf1 h5 45. Nd6 Qe3 46. Qxe3 Rxe3 47. Nf7
Kg8 48. Ng5 Bf6 49. Rd6 Kg7 50. Rd7+ 1/2-1/2

[Event "17. Int. Boeblinger Open"]
[Site "Boeblingen"]
[Date "2000.12.29"]
[Round "7"]
[White "Kluger, Carsten"]
[Black "Baramidze, David"]
[Result "0-1"]
[WhiteElo "1965"]
[BlackElo "2224"]
[PlyCount "44"]
[EventDate "2000.12.26"]

1. Nc3 c5 2. Nf3 d5 3. e4 d4 4. Ne2 Nc6 5. Ng3 g6 6. Bc4 Bg7 7. Ng5 e6 8. f4
Nge7 9. O-O O-O 10. d3 Na5 11. f5 Nxc4 12. dxc4 exf5 13. exf5 Nxf5 14. N3e4 b6
15. Qf3 Bb7 16. Qh3 h6 17. g4 hxg5 18. Nxg5 Nh6 19. Ne4 Bxe4 20. Bxh6 Qd7 21.
Rae1 Bxh6 22. Rxe4 Be3+ 0-1

[Event "17. Int. Boeblinger Open"]
[Site "Boeblingen"]
[Date "2000.12.??"]
[Round "7"]
[White "Köhler, Ronald"]
[Black "Zeller, Frank"]
[Result "0-1"]
[WhiteElo "2255"]
[BlackElo "2434"]
[Annotator "Zeller"]
[PlyCount "66"]
[EventDate "2000.12.26"]

1. d4 Nf6 2. c4 e6 3. Nf3 b6 4. a3 Ba6 5. Qc2 Bb7 6. Nc3 c5 7. e4 cxd4 8. Nxd4
d6 9. Be2 a6 10. Be3 Be7 11. O-O O-O 12. Rfd1 Qc7 13. f3 Re8 14. Rac1 Nbd7 15.
Bf1 Rac8 16. Qf2 Qb8 17. b4 Bd8 $1 {Eine wichtige Finesse in diesem speziellen
Igeltypus. Dem zu erwartenden Aufmarsch am Damenfluegel muss Schwarz Angriff
auf dem anderen Fluegel entgegensetzen. Dieser hat aber nur dann
Erfolgsaussichten, wenn Weiss seine Struktur am Koenigsfluegel geschwaecht hat.
Diesem Zwecke dient das Manoever Le7-d8-c7.} 18. Nb3 Bc7 {#} 19. g3 $5 (19. Kh1
d5 20. cxd5 Bxh2 {sieht ganz gut fuer Schwarz aus - und wurde tatsaechlich
bereits in Fahnenschmidt-Rajkovic, Baden-Baden1988, gespielt. Auch auf Dh4 ist
...d5 moeglich.  }) 19... Bd8 20. Na4 (20. c5 $5 bxc5 21. bxc5 Bxe4 $5 {
war unklar.} (21... d5)) 20... Ba8 21. Rc2 $6 {
Hier steht der Turm taktisch ungluecklich.
} 21... Ne5 $1 22. Rcc1 $6 {#} ({
mit} 22. Be2) ({oder} 22. Nd2 {war die Stellung noch ausgeglichen zu halten.
Die Hauptdrohung ist nicht so sehr ...b5, sondern:}) (22. Nxb6 $2 Bxb6 23. Bxb6
Nxf3+ $19) 22... d5 $1 23. exd5 exd5 24. c5 (24. Nxb6 Bxb6 25. Bxb6 dxc4 {
, f3 neigt eben zur Schwaeche, weshalb sich Weiss bemueht, wenigstens noch die
Diagonale h1-a8 zu blombieren.}) 24... Nxf3+ $1 {noch staerker als Seg4
} 25.
Kh1 {Kommt der Resignation gleich, aber} (25. Qxf3 d4 26. Bf4 (26. Qf4 Qb7 $1
$19) 26... Bxf3 27. Bxb8 Bxd1 28. Rxd1 Rxb8 29. Bxa6 {hilft nicht, da nach}
29... b5 30. Nb2 Nd5 $1 {der Laeufer gefangen ist.}) 25... d4 $1 26. Bf4 Ng4 $1
27. Qb2 {#} 27... Nd2+ $3 {"Mit vollen Hosen...". Schoene Varianten sind 
immer von der Mithilfe des Gegners abhaengig. Der Textzug schaltet die Dame
von der Verteidigung des Koenigsfluegels aus.} 28. Kg1 ({
Schade. Meine Hauptvariante lautete:} 28. c6 Rxc6 $1 29. Bxb8 (29. Bg2 Rxc1) (
29. Qxd2 Rxc1+ 30. Kg1 Qb7) 29... Rh6+ $3 30. Kg1 (30. Bg2 Rxh2+ 31. Kg1 Rxg2+
32. Kh1 Nf2#) 30... Rxh2 31. Qxd2 Rh1#) 28... Qb7 29. c6 Rxc6 30. Bg2 Rxc1 31.
Bxb7 Rxd1+ 32. Kg2 Bxb7+ (32... Re2+ 33. Kh3 h5 {
dauert laenger, ist aber vielleicht huebscher.}) 33. Kh3 Nf2# {
Man beachte den Ld8.} 0-1

[Event "17. Int. Boeblinger Open"]
[Site "Boeblingen"]
[Date "2000.12.29"]
[Round "7"]
[White "Lomineishvili, Maia"]
[Black "Florea, Dan"]
[Result "1-0"]
[WhiteElo "2412"]
[BlackElo "2298"]
[PlyCount "61"]
[EventDate "2000.12.26"]

1. d4 e6 2. e4 d5 3. Nd2 c5 4. exd5 Qxd5 5. Ngf3 cxd4 6. Bc4 Qd6 7. O-O Nc6 8.
Nb3 Nf6 9. Nbxd4 Nxd4 10. Nxd4 a6 11. Re1 Qc7 12. Bb3 b5 13. c3 Be7 14. Bg5 O-O
15. Qf3 Bb7 16. Qh3 Rfe8 17. Rad1 Ne4 18. Bxe7 Qxe7 19. Bc2 Nf6 20. Re5 Red8
21. Rde1 Qc7 22. Bxh7+ Nxh7 23. Rh5 Bxg2 24. Kxg2 Qb7+ 25. f3 Rxd4 26. cxd4 Qc6
27. Kh1 Qc2 28. Rg1 Qd3 29. Qg4 g5 30. Rxg5+ Nxg5 31. Qxg5+ 1-0

[Event "17. Int. Boeblinger Open"]
[Site "Boeblingen"]
[Date "2000.12.29"]
[Round "7"]
[White "Michalczak, Thomas"]
[Black "Polushkina, Svetlana"]
[Result "1-0"]
[WhiteElo "2282"]
[BlackElo "2125"]
[PlyCount "57"]
[EventDate "2000.12.26"]

1. e4 c6 2. d4 d5 3. Nc3 dxe4 4. Nxe4 Bf5 5. Ng3 Bg6 6. Bc4 e6 7. N1e2 Nf6 8.
Nf4 Bd6 9. h4 Qc7 10. Nxg6 hxg6 11. Qf3 Nbd7 12. Bg5 Nd5 13. O-O-O N7b6 14. Bb3
Bf4+ 15. Kb1 Bxg5 16. hxg5 O-O-O 17. Ne4 Qf4 18. Qxf4 Nxf4 19. Nd6+ Kc7 20.
Nxf7 Rxh1 21. Rxh1 Rxd4 22. g3 Nh3 23. f4 Nf2 24. Re1 Nd5 25. Ne5 Re4 26. Rf1
Re3 27. Kc1 Ne4 28. Bxd5 Nxg3 29. Rf3 1-0

[Event "17. Int. Boeblinger Open"]
[Site "Boeblingen"]
[Date "2000.12.29"]
[Round "7"]
[White "Ortmann, David"]
[Black "Niklasch, Oliver"]
[Result "1/2-1/2"]
[WhiteElo "2198"]
[BlackElo "2363"]
[PlyCount "84"]
[EventDate "2000.12.26"]

1. Nf3 c5 2. c4 Nf6 3. Nc3 e6 4. d4 cxd4 5. Nxd4 a6 6. e4 Qc7 7. a3 b6 8. Be3
Bb7 9. f3 d6 10. Be2 Be7 11. O-O Nbd7 12. Qd2 Rc8 13. Rac1 Qb8 14. Rfd1 O-O 15.
Bf1 Bd8 16. Kh1 Bc7 17. Bg1 Kh8 18. b4 Rg8 19. Nb3 g5 20. Re1 Rg6 21. a4 Rcg8
22. a5 bxa5 23. Nxa5 Ba8 24. Ra1 Rh6 25. h3 Rgg6 26. b5 g4 27. fxg4 Nxg4 28.
Qd4+ Kg8 29. Qa7 Qd8 30. Qxa6 Nc5 31. Nc6 Bxc6 32. Qxc6 Qf6 33. e5 Nxe5 34.
Qe8+ Kg7 35. Re3 Ncd7 36. Ne4 Qf4 37. Rae1 Bb6 38. Bh2 Bxe3 39. Bxf4 Rxh3+ 40.
Bh2 Rxh2+ 41. Kxh2 Rh6+ 42. Kg3 Rg6+ 1/2-1/2

[Event "17. Int. Boeblinger Open"]
[Site "Boeblingen"]
[Date "2000.12.29"]
[Round "7"]
[White "Schaefer, Michael"]
[Black "Steinmueller, Alexander"]
[Result "1-0"]
[WhiteElo "2221"]
[BlackElo "2000"]
[PlyCount "67"]
[EventDate "2000.12.26"]

1. d4 d6 2. c4 e5 3. Nf3 e4 4. Nfd2 f5 5. e3 Nf6 6. Nc3 c6 7. Be2 Be7 8. O-O
O-O 9. b4 Be6 10. a4 d5 11. b5 g5 12. Qb3 Qc7 13. Ba3 f4 14. bxc6 bxc6 15. cxd5
cxd5 16. Ncxe4 Bxa3 17. Nxf6+ Rxf6 18. Qxa3 Qc2 19. Qd3 Qc7 20. Rac1 Qe7 21.
Qb5 Nd7 22. Rc7 Rh6 23. Bf3 fxe3 24. fxe3 Qd6 25. Rxd7 Qxh2+ 26. Kf2 Rb8 27.
Rb7 Rf8 28. Ke1 Qg3+ 29. Kd1 Qd6 30. Qb4 Qa6 31. Rb8 Rhf6 32. Rxf8+ Rxf8 33.
Be2 Bg4 34. Qxf8# 1-0

[Event "17. Int. Boeblinger Open"]
[Site "Boeblingen"]
[Date "2000.12.29"]
[Round "7"]
[White "Schaefer, Peter"]
[Black "Rudolph, Peter"]
[Result "0-1"]
[WhiteElo "1867"]
[BlackElo "2195"]
[PlyCount "58"]
[EventDate "2000.12.26"]

1. e4 c5 2. f4 e6 3. d4 cxd4 4. Qxd4 Nc6 5. Qa4 d6 6. Be3 Bd7 7. c3 Nf6 8. Nd2
Ng4 9. Bf2 Nxf2 10. Kxf2 Qb6+ 11. Ke2 Qxb2 12. Rb1 Qxc3 13. Ngf3 Ne5 14. Qd4
Qxd4 15. Nxd4 Ng6 16. Ke3 e5 17. fxe5 dxe5 18. Nb5 Bc5+ 19. Kf3 O-O 20. Nb3 Bb6
21. Nd6 Be6 22. Nxb7 f5 23. N7c5 fxe4+ 24. Kg3 Bxb3 25. Nxb3 Bf2+ 26. Kh3 Nf4+
27. Kg4 g6 28. g3 h5+ 29. Kh4 Rf5 0-1

[Event "17. Int. Boeblinger Open"]
[Site "Boeblingen"]
[Date "2000.12.29"]
[Round "7"]
[White "Schlachetzki, Horst"]
[Black "Hoffmann, Hans"]
[Result "0-1"]
[WhiteElo "2073"]
[BlackElo "2233"]
[PlyCount "78"]
[EventDate "2000.12.26"]

1. e4 c5 2. Nf3 e6 3. d4 cxd4 4. Nxd4 Nf6 5. Nc3 d6 6. Be2 a6 7. a4 Nc6 8. Be3
Qc7 9. O-O Be7 10. Nb3 Na5 11. Nxa5 Qxa5 12. Qd4 Bd7 13. Rfd1 O-O 14. Qb6 Qxb6
15. Bxb6 Rac8 16. Bf3 Bc6 17. Rd2 Nd7 18. Be3 f5 19. exf5 Bxf3 20. gxf3 Ne5 21.
Kg2 Rxf5 22. f4 Nc4 23. Re2 d5 24. Nd1 Kf7 25. b3 Bf6 26. Rc1 Nb2 27. Nxb2 Bxb2
28. Rd1 Bc3 29. Rd3 b5 30. axb5 axb5 31. Kg3 Bb4 32. Bd4 Rg8 33. c3 Be7 34. Ra2
g5 35. Ra7 gxf4+ 36. Kf3 e5 37. Rxe7+ Kxe7 38. Bc5+ Ke6 39. Rd1 Rh5 0-1

[Event "17. Int. Boeblinger Open"]
[Site "Boeblingen"]
[Date "2000.12.29"]
[Round "7"]
[White "Schlecht, Daniel"]
[Black "Reljic, Radomir"]
[Result "1-0"]
[WhiteElo "2348"]
[BlackElo "2247"]
[PlyCount "85"]
[EventDate "2000.12.26"]

1. d4 Nf6 2. c4 e6 3. Nc3 Bb4 4. Qc2 c5 5. dxc5 Nc6 6. Nf3 Qa5 7. Bd2 Qxc5 8.
e3 d5 9. a3 Bxc3 10. Qxc3 dxc4 11. Qxc4 Qxc4 12. Bxc4 Ne4 13. Bc1 Na5 14. Ba2
Nc5 15. b4 Nab3 16. bxc5 Nxa1 17. Bb2 Nc2+ 18. Kd2 Bd7 19. Kxc2 Rc8 20. Rc1
Rxc5+ 21. Kb1 Rxc1+ 22. Kxc1 Bc6 23. Ne1 f6 24. Bxe6 Ke7 25. Bb3 Rc8 26. Kd2 b5
27. Bd4 a5 28. g3 Kd6 29. Nd3 Bd5 30. Bc2 Ba2 31. Bc3 Ra8 32. Nc1 Bc4 33. Nb3
Bxb3 34. Bxb3 Kc5 35. Bd4+ Kd6 36. f4 b4 37. a4 Re8 38. Kd3 Rc8 39. Bc4 Rb8 40.
e4 Rc8 41. e5+ Ke7 42. Bb6 fxe5 43. fxe5 1-0

[Event "17. Int. Boeblinger Open"]
[Site "Boeblingen"]
[Date "2000.12.29"]
[Round "7"]
[White "Schmidt, Olaf"]
[Black "Schneider, Heiko"]
[Result "1-0"]
[WhiteElo "2124"]
[BlackElo "2277"]
[PlyCount "71"]
[EventDate "2000.12.26"]

1. Nf3 Nf6 2. d4 g6 3. c4 Bg7 4. Nc3 d5 5. cxd5 Nxd5 6. e4 Nxc3 7. bxc3 c5 8.
Bb5+ Nc6 9. O-O cxd4 10. cxd4 O-O 11. Bxc6 bxc6 12. h3 c5 13. Be3 Bb7 14. d5
Qa5 15. Rc1 Rac8 16. Qc2 c4 17. Rb1 Ba6 18. Nd4 Qa3 19. Nc6 Ra8 20. Nxa7 Rab8
21. Nc6 Rb2 22. Rxb2 Qxb2 23. Qa4 Bb5 24. Qa7 c3 25. Qd7 Ra8 26. Nxe7+ Kf8 27.
Qd6 Bxf1 28. Nc8+ Kg8 29. Qd8+ Bf8 30. Ne7+ Kg7 31. Bh6+ Kxh6 32. Nf5+ gxf5 33.
Qf6+ Kh5 34. Qxf5+ Kh6 35. Qf6+ Kh5 36. g4# 1-0

[Event "17. Int. Boeblinger Open"]
[Site "Boeblingen"]
[Date "2000.12.29"]
[Round "7"]
[White "Schmittdiel, Eckhard"]
[Black "Schmidt-Schaeffer, Sebastian"]
[Result "1/2-1/2"]
[WhiteElo "2498"]
[BlackElo "2314"]
[PlyCount "114"]
[EventDate "2000.12.26"]

1. e4 d6 2. d4 Nf6 3. Nc3 Nbd7 4. f4 e5 5. Nf3 exd4 6. Qxd4 c6 7. b3 d5 8. exd5
Bc5 9. Qd3 O-O 10. dxc6 Re8+ 11. Be2 bxc6 12. Na4 Qe7 13. Bb2 Ng4 14. Nd4 Bxd4
15. Bxd4 c5 16. h3 Bb7 17. hxg4 Be4 18. Qd2 cxd4 19. O-O Bxg2 20. Rfe1 Bc6 21.
Bb5 Qd6 22. Bxc6 Qxc6 23. Qxd4 Qf3 24. Qxd7 Qg3+ 25. Kf1 Qxf4+ 26. Kg1 Qg3+ 27.
Kf1 Qf3+ 28. Kg1 Red8 29. Qe7 Qg3+ 30. Kf1 Qf3+ 31. Kg1 Qxg4+ 32. Kf1 Qf3+ 33.
Kg1 Qg3+ 34. Kf1 Qf4+ 35. Kg1 h6 36. Qe4 Qf6 37. Rad1 Qg5+ 38. Qg2 Rxd1 39.
Rxd1 Qe3+ 40. Qf2 Qg5+ 41. Kf1 Rc8 42. c4 Rc6 43. Rd5 Qg4 44. Rd4 Qh3+ 45. Ke1
Rg6 46. Rh4 Qd3 47. Nc5 Qb1+ 48. Ke2 Qxa2+ 49. Ke3 Qa3 50. Ke4 Rg5 51. Nd3 Qxb3
52. Kd4 Rg6 53. c5 Rg5 54. Ne5 Qb4+ 55. Kd5 Qb3+ 56. Kd4 Qb4+ 57. Kd5 Qb3+
1/2-1/2

[Event "17. Int. Boeblinger Open"]
[Site "Boeblingen"]
[Date "2000.12.29"]
[Round "7"]
[White "Scholz, Christian"]
[Black "Wornath, Kai Rudolf"]
[Result "1-0"]
[WhiteElo "2324"]
[BlackElo "2391"]
[PlyCount "55"]
[EventDate "2000.12.26"]

1. d4 Nf6 2. c4 c5 3. d5 e6 4. Nc3 exd5 5. cxd5 Bd6 6. Nf3 O-O 7. g3 a6 8. a4
Bc7 9. Bg2 d6 10. O-O Nbd7 11. Qc2 Rb8 12. Nd2 b5 13. axb5 axb5 14. b4 cxb4 15.
Na2 Ba5 16. Nb3 Bb7 17. e4 Rc8 18. Qb1 Rc4 19. Nxa5 Qxa5 20. Bd2 Nc5 21. Bxb4
Qb6 22. Nc3 Re8 23. Ba5 Qa6 24. Nxb5 Rcxe4 25. Bxe4 Rxe4 26. Bc7 Ra4 27. Rxa4
Qxa4 28. Nxd6 1-0

[Event "17. Int. Boeblinger Open"]
[Site "Boeblingen"]
[Date "2000.12.29"]
[Round "7"]
[White "Stiller, Juergen"]
[Black "Abel, Manfred"]
[Result "1-0"]
[WhiteElo "2169"]
[BlackElo "1790"]
[PlyCount "51"]
[EventDate "2000.12.26"]

1. d4 Nf6 2. Bg5 c5 3. Bxf6 gxf6 4. d5 Qa5+ 5. c3 f5 6. g3 e6 7. Bg2 d6 8. Qd2
Bd7 9. dxe6 fxe6 10. Bxb7 Bc6 11. Bxa8 Bxa8 12. Nf3 Nd7 13. O-O Qb6 14. Qe3 Ke7
15. Nbd2 h5 16. Ng5 Ne5 17. f4 Ng4 18. Qxe6+ Kd8 19. Nc4 Qc6 20. Rf3 Kc7 21. h4
Qb5 22. Qf7+ Kb8 23. Ne6 Bxf3 24. Qc7+ Ka8 25. Qc8+ Qb8 26. Nc7# 1-0

[Event "17. Int. Boeblinger Open"]
[Site "Boeblingen"]
[Date "2000.12.29"]
[Round "7"]
[White "Werner, Clemens"]
[Black "Huber, Martin"]
[Result "1-0"]
[WhiteElo "2347"]
[BlackElo "2212"]
[PlyCount "89"]
[EventDate "2000.12.26"]

1. e4 e6 2. d4 d5 3. Nc3 Nf6 4. Bd3 dxe4 5. Nxe4 Nbd7 6. Nxf6+ Nxf6 7. Nf3 Be7
8. Qe2 O-O 9. O-O b6 10. Bg5 Bb7 11. Rad1 Bxf3 12. Qxf3 Qd5 13. Qxd5 Nxd5 14.
Bc1 Rad8 15. Bb5 h6 16. g3 c5 17. dxc5 Bxc5 18. Kg2 Nf6 19. Kf3 Nd5 20. Bc4 Nb4
21. c3 Nc6 22. Ke2 Ne5 23. Bb5 Ng4 24. f3 Nf6 25. a3 e5 26. Bc6 Rc8 27. Be4
Nxe4 28. fxe4 Rfd8 29. g4 f6 30. a4 Kf7 31. Rxd8 Rxd8 32. b4 Be7 33. Be3 Ke6
34. Rd1 Rxd1 35. Kxd1 Kd7 36. Kc2 Bd8 37. Kb3 a6 38. Kc4 Kc6 39. b5+ axb5+ 40.
axb5+ Kd6 41. h4 g5 42. h5 Ke6 43. Kd3 Kd7 44. c4 Kd6 45. Kc3 1-0

[Event "17. Int. Boeblinger Open"]
[Site "Boeblingen"]
[Date "2000.12.29"]
[Round "7"]
[White "Werner, Isabel"]
[Black "Doettling, Fabian"]
[Result "1/2-1/2"]
[WhiteElo "2259"]
[BlackElo "2475"]
[PlyCount "68"]
[EventDate "2000.12.26"]

1. e4 c6 2. d4 d5 3. exd5 cxd5 4. c4 Nf6 5. Nc3 e6 6. Nf3 Be7 7. cxd5 Nxd5 8.
Bd3 Nc6 9. O-O O-O 10. Re1 Nf6 11. a3 b6 12. Bg5 Bb7 13. Bc2 Nd5 14. Qd3 g6 15.
Bh6 Re8 16. Ne4 Rc8 17. Ba4 Nf6 18. Nc3 a6 19. b4 Qd6 20. Rad1 Red8 21. Bg5 Qc7
22. Ne2 Nd5 23. Bb3 Bxg5 24. Nxg5 Qe7 25. Qg3 h6 26. Nf3 Qf6 27. Ne5 Nxe5 28.
dxe5 Qg5 29. Rd4 Qxg3 30. hxg3 Ne7 31. Rxd8+ Rxd8 32. Rd1 Rxd1+ 33. Bxd1 Bd5
34. Nd4 Nc6 1/2-1/2